000 00774nam a2200229Ia 4500
003 OSt
005 20260105121358.0
008 220923b |||||||| |||| 00| 0 eng d
020 _a9780521691437
037 _cGeneral Book
040 _aRTL
_cRTL
_beng
041 _2eng
_aeng
084 _aY:3(S5).5.N, Q1
_qRTL
100 _aHerzog Dagmar
_931238
245 0 _aSexuality in Europe: a twentieth-century history
_b
260 _aNew York
_bCambridge University Press
_c2011
300 _aviii, 230 p. : ill.
_bIncludes bibliographical references and index.
650 _aSexuality
_9861811
650 _aSociology
_9861812
942 _hY:3(S5).5.N, Q1
_cGB
_2CC
_n0
999 _c622365
_d622365